Dictionary of business terms (Registro nro. 13327)
[ vista simple ]
| 000 -Cabecera | |
|---|---|
| Campo de control de longitud fija | 00555nam a22002297a 4500 |
| 005 - Fecha y hora de la última transacción | |
| Campo de control | 20250219181138.0 |
| 008 - Elementos de longitud fija--Información general | |
| Campo de control de longitud fija | 220405b2007 xxu||||| |||| 00| 0 spa d |
| 020 ## - International Standard Book Number | |
| Número Internacional Estándar del Libro (ISBN) | 9780764135347 |
| 041 ## - Idioma | |
| Código de idioma | Inglés |
| 082 ## - Clasificación Decimal Dewey | |
| Número de clasificación | R 658.03 F911d4 |
| 100 ## - Entrada principal--Autor personal | |
| Nombre personal | Friedman, Jack P |
| 245 ## - Título propiamente dicho | |
| Título | Dictionary of business terms |
| 250 ## - Edición | |
| Mención de edición | 4 Edición |
| 260 ## - Pie de imprenta | |
| Lugar de publicación, distribución, etc. | Estados Unidos |
| 260 ## - Pie de imprenta | |
| Nombre del editor, distribuidor, etc. | Barron´s Educational Series |
| 260 ## - Pie de imprenta | |
| Fecha de publicación, distribución, etc. | 2007 |
| 300 ## - Descripción física | |
| Extensión | 745 páginas |
| 650 ## - Materia general | |
| Temática (materia general) | DICCIONARIOS |
| 650 ## - Materia general | |
| Temática (materia general) | COMERCIO |
| 650 ## - Materia general | |
| Temática (materia general) | FINANZAS |
| 942 ## - Punto de acceso adicional KOHA | |
| Tipo de ítem KOHA | Referencia |
| Fuente del sistema de clasificación o colocación | Dewey Decimal Classification |
| Signatura completa | Código de barras | Tipo de ítem |
|---|---|---|
| R 658.03 F911d4 | 14829 | Referencia |